ბათუმის შოთა რუსთაველის სახელმწიფო უნივერსიტეტის ბიბლიოთეკა

მოლეკულური ბიოლოგია : (ბიბ.ჩანაწერი № 49168)

000 -ლიდერი
ფიქსირებული სიგრძის საკონტროლო ველი 01049nam a2200241Ia 4500
001 - საკონტროლო ნომერი
საკონტროლო ველი 16079
003 - საკონტროლო ნომრის იდენტიფიკატორი
საკონტროლო ველი GE_BSU
005 - ბოლო ოპერაციის თარიღი და დრო
საკონტროლო ველი 20241205160220.0
008 - ფიქსირებული სიგრძის მონაცემთა ელემენტები - ზოგადი ინფორმაცია
ფიქსირებული სიგრძის საკონტროლო ველი 181216s2014 ge |||||||||||||| ||geo||
020 ## - წიგნის საერთაშორისო სტანდარტული ნომერი
International Standard Book Number 9789941434846
040 ## - კატალოგიზაციის წყარო
Transcribing agency GE_BSU
041 ## - ენის კოდი
Language code of text/sound track or separate title geo
080 ## - უნივერსალური ათობითი კლასიფიკაციის ინდექსი
Universal Decimal Classification number 577.2(075.8) ხ-98
100 ## - მთავარი ჩანაწერი - პიროვნების სახელი
Personal name ხუხუნაიშვილი, რუსუდან.
9 (RLIN) 3241
245 ## - ცნობა სათაურის შესახებ
Title მოლეკულური ბიოლოგია :
Remainder of title სახელმძღვ. /
Statement of responsibility, etc რუსუდან ხუხუნაიშვილი ; რედ : ქ. დოლიძე ; მ. ნაგერვაძე.
264 ## - წარმოების, გამოცემის, დისტრიბუციის და სხვა ცნობები
გამოცემის, წარმოების, დისტრიბუციის... ადგილი ბათუმი. :
გამოცემის, წარმოების, დისტრიბუციის... სახელწოდება სახელმწიფო უნ-ტი,
გამოცემის, წარმოების, დისტრიბუციის... თარიღი 2014.
300 ## - ფიზიკური აღწერა
Extent 403 გვ.:
Other physical details ილ,
Dimensions 23 სმ.
653 ## - INDEX TERM--UNCONTROLLED
Uncontrolled term მოლეკულური ბიოლოგია
653 ## - INDEX TERM--UNCONTROLLED
Uncontrolled term ბიოლოგია
700 ## - ADDED ENTRY--PERSONAL NAME
Personal name დოლიძე, ქ
Relator term რედაქტორი
9 (RLIN) 1130
700 ## - ADDED ENTRY--PERSONAL NAME
Personal name ნაგერვაძე, მ
Relator term რედაქტორი
9 (RLIN) 3242
942 ## - ADDED ENTRY ELEMENTS (KOHA)
Koha item type წიგნი
Source of classification or shelving scheme
ეგზემპლარები
ჩამოწერის სტატუსი დაკარგული ეგზემპლარის სტატუსი კლასიფიკაციის წყარო ან თაროზე გაწყობის სქემა დაზიანების სტატუსი არ გაიცემა მუდმივი მდებარეობა (დაცვის ადგილი) ამჟამინდელი ადგილსამყოფელი თაროზე განთავსების ადგილი შეძენის თარიღი სრული შენახვის შიფრი შტრიხკოდი ბოლო ოპერაციის თარიღი ეგზემპლარის მიმდევრობითი ნომერი (კეტერი?) ფასის ძალაში შესვლის თარიღი ეგზემპლარის სახეობა
          ბათუმის შოთა რუსთაველის სახელმწიფო უნივერსიტეტის მთავარი ბიბლიოთეკა ბათუმის შოთა რუსთაველის სახელმწიფო უნივერსიტეტის მთავარი ბიბლიოთეკა წიგნსაცავი 2018-12-17 577.2(075.8) ხ-98 27502 2018-12-17 27502 2018-12-17 წიგნი